Agrarian reform under state capitalism in Algeria / (Record no. 58746)
[ view plain ]
| 000 -LEADER | |
|---|---|
| fixed length control field | 01185nam a2200337 a 4500 |
| 001 - CONTROL NUMBER | |
| control field | 58746 |
| 003 - CONTROL NUMBER IDENTIFIER | |
| rucl marc code | BD-RjUL |
| 005 - DATE AND TIME OF LATEST TRANSACTION | |
| control field | 20211209080643.0 |
| 008 - FIXED-LENGTH DATA ELEMENTS--GENERAL INFORMATION | |
| fixed length control field | 161219s1985 coua b 001 0 eng |
| 020 ## - INTERNATIONAL STANDARD BOOK NUMBER | |
| International Standard Book Number | 0813370337 (pbk.) : |
| Terms of availability | $21.50 |
| 035 ## - SYSTEM CONTROL NUMBER | |
| System control number | (BD-RjUL)58870 |
| 040 ## - CATALOGING SOURCE | |
| Original cataloging agency | DLC |
| Transcribing agency | DLC |
| Modifying agency | BD-RjUL |
| Language of cataloging | eng |
| 041 ## - LANGUAGE CODE | |
| Language code of text/sound track or separate title | eng |
| 082 00 - DEWEY DECIMAL CLASSIFICATION NUMBER | |
| Classification number | 333.3165 |
| Edition number | 23 |
| Author mark and year | PFA 1985 |
| 100 1# - MAIN ENTRY--PERSONAL NAME | |
| Personal name | Pfeifer, Karen. |
| 9 (RLIN) | 174622 |
| 245 10 - TITLE STATEMENT | |
| Title | Agrarian reform under state capitalism in Algeria / |
| Statement of responsibility, etc. | Karen Pfeifer. |
| 260 ## - PUBLICATION, DISTRIBUTION, ETC. (IMPRINT) | |
| Place of publication, distribution, etc. | Boulder : |
| Name of publisher, distributor, etc. | Westview Press, |
| Date of publication, distribution, etc. | 1985. |
| 300 ## - PHYSICAL DESCRIPTION | |
| Pagination | xvii, 265 p. : |
| Illustrations | ill. ; |
| Size | 23 cm. |
| 500 ## - GENERAL NOTE | |
| General note | Includes index. |
| 504 ## - BIBLIOGRAPHY, ETC. NOTE | |
| Bibliography, etc | Bibliography: p. 255-261. |
| 650 #0 - SUBJECT ADDED ENTRY--TOPICAL TERM | |
| Topical term or geographic name as entry element | Land reform |
| Geographic subdivision | Algeria. |
| 9 (RLIN) | 174624 |
| Topical term or geographic name as entry element | Farm tenancy |
| Geographic subdivision | Algeria. |
| 9 (RLIN) | 174625 |
| Topical term or geographic name as entry element | Agriculture and state |
| Geographic subdivision | Algeria. |
| 9 (RLIN) | 174626 |
| Topical term or geographic name as entry element | Agriculture |
| General subdivision | Economic aspects |
| Geographic subdivision | Algeria. |
| 9 (RLIN) | 174627 |
| Topical term or geographic name as entry element | Peasants |
| Geographic subdivision | Algeria. |
| 9 (RLIN) | 174628 |
| Topical term or geographic name as entry element | Agricultural laborers |
| Geographic subdivision | Algeria. |
| 9 (RLIN) | 174629 |
| 830 ## - SERIES ADDED ENTRY--UNIFORM TITLE | |
| Uniform title | Westview special studies on the Middle East and North Africa |
| 942 ## - ADDED ENTRY ELEMENTS (KOHA) | |
| Source of classification or shelving scheme | Dewey Decimal Classification |
| Koha item type | Books |
| Lost status | Source of classification or shelving scheme | Damaged status | Not for loan | Collection code | Permanent Location | Current Location | Shelving location | Date acquired | Source of acquisition | Cost, normal purchase price | Total Checkouts | Full call number | Date last seen | Copy number | Koha item type |
|---|---|---|---|---|---|---|---|---|---|---|---|---|---|---|---|
| Dewey Decimal Classification | Not For Loan | Non-fiction | Central Library, University of Rajshahi | Central Library, University of Rajshahi | Reading Room | 01/08/1988 | Zeitlinger | 36.00 | 333.3165 PFA 1985 | 19/12/2016 | C-1 | Books |